Evaluación de la oferta y la demanda nacional de productos forestales maderables y no maderables (Registro nro. 3167)

Detalles MARC
000 -CABECERA
Campo de control 00789nam a2200253 a 4500
005 - FECHA Y HORA DE LA ULTIMA TRANSACCION
Campo de control 20170926094351.0
008 - ELEMENTOS DE LONGITUD FIJA—INFORMACION GENERAL
Campo de control 140310b1999 ck ||||| |||| 00| 0 spa d
040 ## - FUENTE DE CATALOGACIÓN
Agencia catalogadora original CO-BoIAVH
Agencia transcriptora CO-BoIAVH
041 ## - IDIOMA
Código de idioma para texto/pista de sonido o título separado Español
044 ## - PAÍS DE PUBLICACIÓN
País de publicación Colombia
090 ## - CLASIFICACIÓN LOCAL
Colección LB
Consecutivo 02928
110 ## - ASIENTO PRINCIPAL--NOMBRE CORPORATIVO
Unidad subordinad Tecniforest LTDA.
9 (RLIN) 18790
245 ## - MENCION DE TITULO
Título Evaluación de la oferta y la demanda nacional de productos forestales maderables y no maderables
260 ## - PUBLICACION, DISTRIBUCION, ETC. (PIE DE IMPRENTA)
Lugar de publicación, distribución, etc. Bogotá
Nombre del editor, distribuidor, etc. Minambiente
Fecha de publicación, distribución, etc. 1999
300 ## - DESCRIPCION FISICA
Extensión 400 p.
650 ## - ASIENTO SECUNDARIO DE MATERIA - TERMINO TEMATICO
Término temático o nombre geográfico como elemento de entrada Productos forestales
9 (RLIN) 82020
650 ## - ASIENTO SECUNDARIO DE MATERIA - TERMINO TEMATICO
Término temático o nombre geográfico como elemento de entrada Productos no maderables del bosque
9 (RLIN) 6261
650 ## - ASIENTO SECUNDARIO DE MATERIA - TERMINO TEMATICO
Término temático o nombre geográfico como elemento de entrada Mercadeo
9 (RLIN) 82021
650 ## - ASIENTO SECUNDARIO DE MATERIA - TERMINO TEMATICO
Término temático o nombre geográfico como elemento de entrada Industria de productos forestales
9 (RLIN) 18359
650 ## - ASIENTO SECUNDARIO DE MATERIA - TERMINO TEMATICO
Término temático o nombre geográfico como elemento de entrada Evaluación de mercados
9 (RLIN) 18793
662 ## - ASIENTO SECUNDARIO DE MATERIA - JERARQUIA DEL NOMBRE DE LUGAR(
País o entidad mayor Colombia
650 ## - ASIENTO SECUNDARIO DE MATERIA - TERMINO TEMATICO
9 (RLIN) 18792
Término temático o nombre geográfico como elemento de entrada Industria maderera
942 ## - ELEMENTOS ADICIONALES (KOHA)
Tipo de ítem Informe Técnico
Sistema de clasificación Local
Existencias
Withdrawn status Lost status Sistema de Clasificación Damaged status No para préstamo Colección Ubicación Permanente Ubicación actual Fecha de adquisición Fuente de adquisición Total Checkouts Número topográfico Inventario / Código de Barras Date last seen Date checked out Ejemplar Price effective from Tipo de material Public note
    Local     General Bogotá Bogotá 01/04/2003 Biocomercio 1 LB-02928 005181 30/11/2018 23/10/2018 Ej. 1 04/12/2012 Informe Técnico Disponible en fotocopia, solo para consulta en sala